| 000 | 00434nam a2200169Ia 4500 | ||
|---|---|---|---|
| 008 | 180207s9999 xx 000 0 und d | ||
| 020 | _a9781416975281 | ||
| 050 | _bM121 2008 | ||
| 100 | _aMcCain, Meghan. | ||
| 245 | _aMy dad, John McCain / | ||
| 245 | _cMeghan McCain ; illustrated by Dan Andreasen. | ||
| 260 | _aNew York : | ||
| 260 | _bAladdin, | ||
| 260 | _c2008 | ||
| 300 | _aunpaged : | ||
| 300 | _bcolor illustration ; | ||
| 999 |
_c355083 _d355083 |
||